000 00394nam a22001577a 4500
999 _c4604
_d4604
008 200814b ||||| |||| 00| 0 eng d
082 0 0 _a624.1
_bJ956
100 _93214
_aJunnarkar, S. B.
245 1 0 _aMechanics of structures, vol - I
_cby S. B. Junnarkar
250 _a3rd ed.
260 _aBombay
_bVivek
_c1961
300 _a538 p.
365 _d15.00
650 0 _aStructures
942 _cBK